Príbeh bratislavskej keltskej mince Maccius

Bibliographic Details
Main Author: Zachar Podolinská, Tatiana, 1972- (Author)
Format: Article
Language:Slovak
PhysicalDescription:Fotogr.
ISSN:1335-6550
Subjects:

MARC

LEADER 00000nab a2200000 a 4500
001 vtls009338861
003 SK-MaSNL
005 20260426104907.0
008 250507c2008 xo |||||| | ||00 b|slo
015 |a SNBRB2008/09  |2 snkbucl 
035 |a (uuid)d5ff9ebc-788f-4662-9911-77c75bfe887c 
035 |a urn:nbn:sk:snk-ab137x 
035 |a (urnnbn)urn:nbn:sk:snk:ar-004jfx 
038 |a SNKBUCL 
040 |a SNKBUCL  |b slo  |c SNKBUCL  |e AACR2 
041 0 |a slo 
044 |a xo  |c SK 
080 |a 904:737.1  |x (=15)  |x (437.6)  |2 1997 
080 |a 737.1  |x (=15)  |x (437.6)  |2 1997 
080 |a 671.411/.418  |x (=15)  |x (437.6)  |2 1997 
100 1 |a Zachar Podolinská, Tatiana,  |d 1972-  |4 aut  |9 181031 
245 1 0 |a Príbeh bratislavskej keltskej mince Maccius  |c Tatiana Podolinská 
246 3 3 |a Kelti - najkultúrnejší barbari 
300 |b Fotogr. 
648 7 |a 1. stor. pr. Kr.  |2 snkbucl  |9 316731 
650 0 7 |a Kelti  |2 snkbucl  |9 21276 
650 0 7 |a strieborné mince  |2 snkbucl  |9 82577 
650 0 7 |a strieborné biateky  |2 snkbucl  |9 1618081 
650 0 7 |a keltské mince  |2 snkbucl  |9 54575 
651 7 |a Bratislava (Slovensko)  |2 snkbucl  |9 14568 
773 0 |t Historická revue  |g Roč. XIX, č. 9 (2008), s. 52-53  |x 1335-6550 
850 |a Slovenská národná knižnica 
852 |a Slovenská národná knižnica 
954 |a odborná, vedecká literatúra pôvodná (slovenská)  |2 lita 
958 |a article27 
958 |a OND 
958 |a EUIPO 
999 |c 3333930  |d 3335860